000 00838nam a22002295i 4500
001 158272
003 ES-MaACL
005 20230906211101.0
008 040826m18831885gw |||| | ger d
040 _aCAM
_bspa
_cCAM
100 1 _aLuther, Martin.
_974872
245 1 0 _aDr. Martin Luther's reformations-historische deutsche Schriften.
250 _a2. Aufl.
260 _aFrankfurt am Main :
_bSchristenniederlage des Evangelischen Vereins,
_c1883-1885.
300 _a3 v. ;
_c18 cm.
490 1 _aDr. Martin Luther's sämmtliche Werke ;
_v24-26
598 _aEn las cub. consta la serie: "Dr. Martin Luther's deutsche Schriften"
752 _aAlemania -
_dFrankfurt
830 0 _aDr. Martin Luther's sämmtliche Werke ;
_v24-26
_9188149
852 _aES-MaACL
_jC-1302-1304
_z-- Enc. editorial en tela
999 _c158272
_d158272